00453 2200169 4500001002100000005001500021035002000036245007400056100002700130250000600157300002800163260003200191082001400223084002000237020001800257990000800275INLIS00000000000029020190319012752 a0010-03190001071 aSeri Petualangan Sherlock Holmes :bVampir Dari Sussex /cDeta Ariani0 aSir Arthur Conan Doyle a1 a95 hlm :bilus ;c18 cm aJogjakarta :bNarasi,c2006 a899.221'3 a899.221'3 SIR s a979-7564-96-7 a686